| 000 | 00681nam a2200217Ia 4500 | ||
|---|---|---|---|
| 008 | 100315s9999 xx 000 0 und d | ||
| 040 | _cENGLISH | ||
| 082 |
_b4125 _a346.096 |
||
| 100 | _a"Jhambvala, Noshirvan H. " | ||
| 245 | _aThe Negotiable Instruments Act 2002 | ||
| 250 | _a22nd | ||
| 260 |
_aMumbai _bC. JAMANADAS & CO. _c2002 |
||
| 300 | _a148p. | ||
| 365 |
_eRupees _d1 _b95.00 |
||
| 366 | _f0 | ||
| 505 | _gTushar Jadhav | ||
| 620 | _a"Negotiation, Presentment, Payment & Intrest, Reasonable Time, Bills in Sets " | ||
| 630 | _aThe Negotiable Instruments Act 2002 | ||
| 730 | _aThe Negotiable Instruments Act 2002 | ||
| 942 | _cBOOK | ||
| 999 |
_c478860 _d478857 |
||